| 000 | 00333nam a2200109Ia 4500 | ||
|---|---|---|---|
| 008 | 200302s9999 xx 000 0 und d | ||
| 100 | _aSteve Womersley (Ed.) | ||
| 245 | _aThe Master Architect Series VII- Valode & Pistre Architects (Selected & Current Works) | ||
| 260 | _bImages Publishing, Austraila | ||
| 260 | _c2005 | ||
| 300 | _a236 | ||
| 999 |
_c4526 _d4526 |
||